| 000 | 00490nam a2200181Ia 4500 | ||
|---|---|---|---|
| 008 | 240925s9999 xx 000 0 und d | ||
| 020 | _a71385134 | ||
| 082 | _a621.3845 KAR | ||
| 100 | _aKarim M. R.; Sarraf, M | ||
| 245 | 0 | _aW-CDMA and cdma2000 for 3G Mobile Net Works | |
| 250 | _aNA | ||
| 260 |
_aBoston: _bMC Graw-Hill _c,2002. |
||
| 300 |
_aviii,743p. _bna _fOriginal |
||
| 500 | _aIncludes Index | ||
| 600 | _aTelecommunication Engineering | ||
| 650 | _aTechnology | ||
| 942 | _cBK | ||
| 999 |
_c10328 _d10328 |
||